00739 2200205 4500001002100000005001500021035002000036245014200056100002100198300005000219856002200269700009800291260004000389082000800429084001300437020001800450650001400468008004100482990001000523INLIS00000000114783620260407101611 a0010-03260003471 aVITO CACINGAN /cPenulis; Anies Listyowati, Editor; Widya Ayu Ningrum & Windrati Hapsari, Ilustrasi; Adrinalia, Setting & Layout; Tim EFK0 aAnies Listyowati a24 halaman :bIlustrasi ;c22 x 22 cmeKertas aPerpustakaan Umum0 aEditor; Widya Ayu Ningrum & Windrati Hapsari, Ilustrasi; Adrinalia, Setting & Layout; Tim EFK aJakarta :bErlangga For Kids,c2014 a397 a397 AN v a9786022522393 4aBuku Anak260407 0  a//001